| 000 | 00737nam a2200205 a 4500 | ||
|---|---|---|---|
| 001 | 000045890 | ||
| 005 | 20201002052514.0 | ||
| 008 | 150526s2015 dr 000 0 spa d | ||
| 020 | _a9789945589580 | ||
| 040 |
_aDO-SdBNP _bspa _cBNPHU |
||
| 082 |
_axxxx _bxxxx |
||
| 100 | 1 |
_aFloro, Marie-Aimée _971381 |
|
| 245 | 1 | 5 |
_aUnas cosas que sólo saben el sol y la luna = Ces choses que seuls le soleil et la lune savent / _cMarie-Aimée Floro. |
| 246 | 1 | _aCes choses que seuls le soleil et la lune savent | |
| 250 | _aEd. bilingüe | ||
| 260 |
_aSanto Domingo : _bSantuario, _c2015. |
||
| 300 |
_a74 p. ; _c23 cm. |
||
| 500 | _aIncluye datos biográficos de la autora en la solapa de la cubierta. | ||
| 546 | _aTexto en inglés y español | ||
| 999 |
_c45379 _d45379 |
||